Las nuevas propuestas de Rafael Penagos (Record no. 7183)

MARC details
000 - LÍDER
campo de control de longitud fija 00754nam a2200193Ia 4500
008 - ELEMENTOS DE DATOS DE LONGITUD FIJA - INFORMACIÓN GENERAL
campo de control de longitud fija 0000001980 ck a 0000000000spa00
090 ## - NÚMERO DE LLAMADA DE TIPO LC LOCALMENTE ASIGNADO (OCLC)
Número de clasificación (OCLC) (R) PSP00 P25n
100 1# - ENTRADA PRINCIPAL - NOMBRE PERSONAL
Nombre de la persona Penagos, Rafael
Fechas asociadas a un nombre 1941
245 10 - TÍTULO DECLARACIÓN
Título Las nuevas propuestas de Rafael Penagos
260 ## - PUBLICACIÓN, DISTRIBUCIÓN
Lugar de publicación Bogotá : Leonardo Galería
Fecha de publicación 1980
300 ## - DESCRIPCIÓN FÍSICA
Alcance 1 plegable [6] p.
Dimensiones / 16 cm.
500 ## - NOTA GENERAL
Nota general Exposición realizada en Galería el Callejón del Norte, Bogotá Septiembre 823, 1980 \ Con el patronazgo del maestro venezolano Jesús Rafael Soto (q.e.p.d.) \
600 00 - ENTRADA DE SUJETO AÑADIDO - NOMBRE PERSONAL
Nombre de la persona PENAGOS, RAFAEL, 1941/
Subdivisión general TRABAJOS PICTORICOS
650 14 - ENTRADA DE SUJETO AÑADIDO - TÉRMINO TÓPICO
Término tópico o elemento de entrada del nombre geográfico ARTE CONTEMPORANEO COLOMBIANO
650 14 - ENTRADA DE SUJETO AÑADIDO - TÉRMINO TÓPICO
Subdivisión general CATALOGOS
650 14 - ENTRADA DE SUJETO AÑADIDO - TÉRMINO TÓPICO
Subdivisión general EXPOSICIONES
650 14 - ENTRADA DE SUJETO AÑADIDO - TÉRMINO TÓPICO
Término tópico o elemento de entrada del nombre geográfico PINTORES COLOMBIANOS
650 14 - ENTRADA DE SUJETO AÑADIDO - TÉRMINO TÓPICO
Término tópico o elemento de entrada del nombre geográfico PINTURA COLOMBIANA
Holdings
Estado de retirada Pérdida de estatus Estado dañado No para préstamo Código de recogida Ubicación permanente Ubicación actual Ubicación de las estanterías Fecha de adquisición Número de llamada completo Código de barras Fecha de la última vez que se vio Número de copia Precio efectivo desde Tipo de artículo Koha
        General ArtNexus ArtNexus General 06/09/2022 P-SP-00 P25N 7187 06/09/2022 Ej.1 06/09/2022 Libro

Powered by Koha